LEADER 00720nam a2200205 i 4500 001 000000170467 003 CaOOAMICUS 005 20080327000000.0 008 080327s1985 it u000 u ita u 013 $a147878 040 $aSeMil$bita 100 1 $aVerga, Giovanni,$d<1840-1922>.$0(OLS)http://semarc/name/3542 245 10$aMastro-don Gesualdo /$cGiovanni Verga. 260 $aMilano :$bFabbri,$ccopyr. 1985. 300 $a312 p. ;$c21 cm. 850 $aSeMil 852 $aSeMil$W1$xVenegono$y1$m1V I 88$j121354$B121354$CSeMilBibl$Z2$F132712 $81 961 $aOmaggio: Donazione 996 $6245$aMastro-don Gesualdo$9(OLS)http://semarc/title/243814 996 $6260$aMilano :$bFabbri$9(OLS)http://semarc/publisher/30054 LEADER 01634nam a2200289 i 4500 001 000000026451 003 CaOOAMICUS 005 20231009115103.0 008 180830s1794 it u000 u lat u 040 $aSeMil$bita 100 1 $aHoratius Flaccus, Quintus,$d<65-8 a.C.>.$0(OLS)http://semarc/name/3361 245 10$aQ. Horatii Flacci Opera. Interpretatione et notis illustravit LudoVicus Desprez ... in usum serenissimi Delphini ac serenissimorum principum Burgundiae, Andium, Biturigum. Tomus 1. [-2.]. 246 0 $aQ. Horatii Flacci Opera interpretatione et notis Ludouici Desprez in usum serenissimi Delphini 260 $aBassani :$bprostant Venetiis apud Remondini,$c1794. 300 $a2 v. ;$c4°. 500 $aVignetta xil. sui front. 650 4$aOrazio Flacco, Quinto <65-8 a.C.> - Opere.$0(OLS)http://semarc/subject/4196 700 1 $aDesprez, Louis .$0(OLS)http://semarc/name/11842 700 0 $aRemondini,$c.$0(OLS)http://semarc/name/3017 774 0 $tTomus primus.$g1$w()211930 774 0 $tTomus secundus.$g2$w()211933 900 1 $aOrazio. 996 $6245$aQ. Horatii Flacci Opera. Interpretatione et notis illustravit LudoVicus Desprez ... in usum serenissimi Delphini ac serenissimorum principum Burgundiae, Andium, Biturigum. Tomus 1. [-2.]$9(OLS)http://semarc/title/35698 996 $6246$aQ. Horatii Flacci Opera interpretatione et notis Ludouici Desprez in usum serenissimi Delphini$9(OLS)http://semarc/title/35699 996 $6260$aBassani :$bprostant Venetiis apud Remondini$9(OLS)http://semarc/publisher/36832